000 00688nam a2200181 a 4500
008 060607s2005 ||||||||||||||||| || u
050 _aIBRD(08)
100 _aRavallion, Martin
245 1 0 _aSearching for the economic gradient in self-assessed health
260 _aWashington, D. C.
_bWorld Bank
_c2005
300 _a40p.: ill.
350 _a0.00
490 _aWorld Bank policy research working papers
650 _aHEALTH
650 _aSELF-ASSESSED HEALTH--RESEARCH--RUSSIA
700 _aLokshin, Michael
995 _D0.00
_FCBU-MAIN LIBRARY (Kitwe)
_H1
_I0.00
_M1
_UAVAILABLE
_WJun 7, 2006
_ZInternational Publications
999 _c57168
_d57168